000
00237nam a2200085 4500
999
_c
524464
_d
524464
082
_a
G1x54 In2m/2019
245
_a
Members of seventeenth lok sabha: a brief introduction
260
_a
New Delhi
_b
Lok Sabha Secretariat
_c
2019
300
_a
332p.